Mes titres Deezer - Statistiques

Statistiques générales
  • Ce quiz a été pris 30 fois
  • Le résultat moyen est 40 sur 413
Statistiques - réponses
Groupes Titres % Correct
Imagine Dragons #1
48%
U2 One
48%
System of A Down Radio/Video
48%
Aqua Barbie Girl
43%
Queen Bohemian Rhapsody
43%
AC/DC Highway to hell
43%
A-ha Take on me
43%
Europe The Final Countdown
39%
Avicii Wake me up
39%
The Cranberries Zombie
39%
Harry Styles As It Was
35%
Crazy Frog Axel F
35%
AC/DC Back in Black
35%
Bruno Mars The Lazy Song
35%
David Guetta et Sia Titanium
35%
Coldplay Viva La Vida
35%
Oasis Wonderwall
35%
Imagine Dragons Bones
30%
Carly Rae Jepsen Call me Maybe
30%
Eagles Hotel California
30%
Elton John I'm Still Standing
30%
Linkin Park In the End
30%
Renan Luce La Lettre
30%
Bénabar Le diner
30%
Lady Gaga Poker Face
30%
Bastille Pompeii
30%
Earth,wind and fire September
30%
Robin Schulz Sugar
30%
Eurythmics | Marilyn Manson Sweet Dreams
30%
The Weeknd Blinding Lights
26%
Macklemore& Ryan Lewis et Ray Dalton Can't Hold Us
26%
Coldplay Clocks
26%
Maroon 5 Cold
26%
Maroon 5 et Cardi B Girls Like You
26%
Bruno Mars Grenade
26%
Bon Jovi It's my life
26%
Van Halen Jump
26%
Eminem Lose Yourself
26%
Coldplay Paradise
26%
Imagine Dragons Radioactive
26%
Adele Skyfall
26%
Eminem Stan
26%
Queen We Are The Champions
26%
Eminem Without me
26%
Tom Odell Another Love
22%
Daft Punk Around the World
22%
Red Hot Chili Peppers Californication
22%
Elton John et Dua Lipa Cold Heart
22%
One Republic Counting Stars
22%
Kyo Dernière Danse
22%
Robbie Williams Feel
22%
Twenty One Pilots Heathens
22%
Queen I Want To Break Free
22%
Bruno Mars Just The Way you are
22%
Avicii Levels
22%
R.E.M Losing My Religion
22%
Bruno Mars Marry You
22%
Lil Nas X Old Town Road
22%
Black Eyed Peas Pump it
22%
Queen Radio Gaga
22%
Magic! Rude
22%
Nirvana | Shaka Ponk Smells Like Teen Spirit
22%
Alien Ant Farm | Michael Jackson Smooth Criminal
22%
Gotye Somebody That I Used To Know
22%
Blur Song 2
22%
U2 Sunday Bloody Sunday
22%
Eminem The Real Slim Shady
22%
Amy Macdonald This is the life
22%
AC/DC Thunderstruck
22%
Bruno Mars Treasure
22%
Sam Smith Unholy
22%
Green Day American Idiot
17%
Maroon 5 Animals
17%
Queen Another One Bites The Dust
17%
Green Day Boulevard of Broken Dreams
17%
The Cure Boys Don't Cry
17%
Evanescance Bring Me To Life
17%
U2 California
17%
Nirvana Come As You Are
17%
Radiohead Creep
17%
Justin Timberlake Cry Me A River
17%
Imagine Dragons Demons
17%
Queen Don't Stop Me Now
17%
C2C Happy
17%
Train Hey Soul Sister
17%
Outkast Hey Ya!
17%
Jason Mraz I'm Yours
17%
Renan Luce Les Voisines
17%
David Bowie Life on Mars
17%
Imagine Dragons Lonely
17%
Electric Light Orchestra Mr Blue Sky
17%
Rick Astley Never Gonna Give You Up
17%
Linkin Park Numb
17%
Maroon 5 Payphone
17%
The White Stripes Seven Nation Army
17%
Imagine Dragons Sharks
17%
Eminem The Monster
17%
Pitbull et Ke$ha Timber
17%
System of A Down Toxicity
17%
Bruno Mars When I was your Man
17%
Avicii Addicted to you
13%
t.A.T.u. All The Things She Said
13%
Lady Gaga Bad Romance
13%
Green Day Basket Case
13%
The Mamas & The Papas California Dreamin'
13%
System of A Down Chop Suey
13%
Avril Lavigne Complicated
13%
Imagine Dragons Enemy
13%
Gorillaz Feel good inc.
13%
Creedence Clearwater Fortunate Son
13%
Lily Allen Fuck You
13%
Enrique Iglesias Hero
13%
David Guetta et Nicky Minaj Hey Mama
13%
The Animals House Of The Rising Sun
13%
The Fray How To Save a Life
13%
The Rembrandts I'll Be There for You
13%
Imagine Dragons It's Time
13%
ZZ Top La Grange
13%
Kyo et Sita Le chemin
13%
Passenger Let Her Go
13%
System of A Down Lonely Day
13%
Dua Lipa Love again
13%
Will Smith Men In Black
13%
Eminem Mockingbird
13%
Skillet Monster
13%
Eminem My Name Is
13%
Metallica Nothing Else Matters
13%
Calvin Harris et Ellie Goulding Outside
13%
X Ambassadors Renegades
13%
Gym Class Heroes et Adam Levine Stereo Hearts
13%
Bruno Mars Talking to the moon
13%
The Offspring The Kids Aren't Alright
13%
Coldplay The Scientist
13%
Eminem Till I Collapse
13%
Queen Under Pressure
13%
Red Hot Chili Peppers Under The Bridge
13%
Linkin Park What I've Done
13%
Green Day 21 Guns
9%
Robbie Williams Angels
9%
One Republic Apologize
9%
Christina Perri A Thousand years
9%
Daniel Powter Bad Day
9%
Shakira et Rihana Can't Remember to Forget You
9%
Red Hot Chili Peppers Can't Stop
9%
Bring me the horizon Can You Feel my Heart
9%
Fall Out Boy Centuries
9%
Linkin Park Crawling
9%
David Guetta et Sam Martin Dangerous
9%
Madcon Don't Worry
9%
Katy Perry ET
9%
Survivor Eye Of The Tiger
9%
Imagine Dragons Follow You
9%
Bruno Mars Gorilla
9%
Avicii Heaven
9%
Kodaline | Panic At The Disco High Hopes
9%
Chord Overstreet Hold on
9%
Green Day Holiday
9%
Panic At The Disco House of Memories
9%
One Republic I Ain't Worried
9%
Aerosmith I don't want to miss a thing
9%
The Weeknd I Feel It Comming
9%
Black Eyed Peas Imma be
9%
Daft Punk Instant Crush
9%
Guns N'Roses Knockin'On Heaven's Door
9%
Francis Cabrel La Corrida
9%
Charlie Winston Like A Hobo
9%
Evanescance Lithium
9%
Bruno Mars Locked out of heaven
9%
David Guetta et Sam Martin Lovers on the sun
9%
The Killers Mr Brightside
9%
Evanescance My Immortal
9%
Bruno Mars Natalie
9%
Eminem Not Afraid
9%
Foster The People Pumped Up Kicks
9%
Elton John Sacrifice
9%
A Great Big World Say Something
9%
Queen Somebody to Love
9%
Keane Somewhere Only We Know
9%
Lily Allen Somewhere only we know
9%
Texas Summer Son
9%
Guns N'Roses Sweet Child O'Mine
9%
Hugh Jackman The Greatest Show
9%
Queen The Show Must Go On
9%
Maroon 5 This Love
9%
Eminem Venom
9%
Guns N'Roses Welcome to The Jungle
9%
Queen We Will Rock You
9%
Black Eyed Peas Where is the love?
9%
U2 With Or Without You
9%
Eminem 8 mile
4%
Smash Mouth All Star
4%
Three Days Grace Animal I Have Become
4%
The Cranberries Animal Instinct
4%
System of A Down ATWA
4%
Linkin Park Breaking the Habit
4%
Alex&Sierra Bumper Cars
4%
Linkin Park Burn It Down
4%
Linkin Park Castle Of Glass
4%
Eminem Cleanin'out My Closet
4%
Redbone Come And Get Your Love
4%
Bruno Mars Count of me
4%
The Offspring Cruising California
4%
The Offspring Defy You
4%
The Living Tombstone Discord
4%
Dua Lipa Dont start now
4%
C2C Down the Road
4%
O-Zone Dragostea din tei
4%
Train Drive By
4%
Saule Dusty Men
4%
Miia Dynasty
4%
Ludovico Einaudi Experience
4%
Twenty One Pilots Fairly Local
4%
Eric Arjes Find My Way Back
4%
Evanescance Going Under
4%
Twenty One Pilots Goner
4%
Rufus Wainwright Hallelujah
4%
The Offspring Hurting As One
4%
Three Days Grace I Hate Everything About You
4%
Shaka Ponk I'm Picky
4%
Weezer Island In the Sun
4%
Imagine Dragons It's ok
4%
Queen Killer Queen
4%
Twenty One Pilots Lane Boy
4%
Les Fatals Picards La sécurité de l'emploi
4%
The Offspring Let The Bad Times Roll
4%
Bon Jovi Livin'on A player
4%
Eminem Love The Way You Lie
4%
Coldplay Magic
4%
Maroon 5 Maps
4%
Black Eyed Peas Meet me Halfway
4%
Twenty One Pilots Message Man
4%
Imagine Dragons My Life
4%
Cecilia Krull My Life Is Going On
4%
Aqua My Oh My
4%
The Living Tombstone My Ordinary Life
4%
Depeche Mode Never Let Me Down Again
4%
Linkin Park New Divide
4%
Imagine Dragons Nothing left To Say/ Rocks
4%
Billie Eilish No Time To Die
4%
Imagine Dragons One Day
4%
Maroon 5 One More Night
4%
Linkin Park One Step Closer
4%
The Offspring Original Prankster
4%
Red Hot Chili Peppers Otherside
4%
Linkin Park Papercut
4%
Twenty One Pilots Polarize
4%
Anthony Kavanagh Pour les hommes
4%
Coldplay Princess of China
4%
The Cranberries Promises
4%
Avril Lavigne Rock N Roll
4%
AC/DC Rock or bust
4%
Capital Cities Safe and Sound
4%
Train Save Me San Francisco
4%
Sting Shape of my Heart
4%
Eminem Sing for The Moment
4%
Alan Silvestri The Avengers
4%
The Offspring The Future is Now
4%
Twenty One Pilots The Judge
4%
Hugh Jackman The Other Side
4%
Fall Out Boy The Phoenix
4%
Black Stone Cherry Things My Father Said
4%
Superbus Travel The World
4%
X Ambassadors Unsteady
4%
Avicii Waiting for love
4%
Green Day Wake me up When September Ends
4%
Evanescance Wasted On You
4%
Twenty One Pilots We Don't Believe What's on TV
4%
Placebo Where is my Mind?
4%
Superbus Whisper
4%
DMX X Gon'Give it to Ya
4%
Urock Karaoke X Gon'Give It To Ya
4%
The Offspring You're Gonna Go Far, Kid
4%
Bear McCreary Agents of Shield overture
0%
Superbus A la chaine
0%
The Offspring All I Have Left Is You
0%
Linkin Park A Place for My Head
0%
U2 Beautiful Day
0%
Placebo Beautiful James
0%
Midnight Oil Beds Are Burning
0%
Frank Walker | Madcon Beggin
0%
Rebel Black Pearl
0%
Imagine Dragons Bleeding Out
0%
Linkin Park Bleed It Out
0%
Ramones Blitzkrieg Bop
0%
Midnight Oil Blue Sky Mine
0%
Levellers Born That Way
0%
Evanescance Bring Me To Life Synthesis
0%
System of A Down BYOB
0%
Levellers Calling Out
0%
The Offspring Coming for You
0%
Fall Out Boy Dance, Dance
0%
Meryl Streep Dancing Queen
0%
Maroon 5 Daylight
0%
The Offspring Days Go By
0%
The Offspring Dividing By Zero
0%
Imagine Dragons Dull Knives
0%
Midnight Oil Earth And Sun And Moon
0%
Linkin Park Easier to Run
0%
Imagine Dragons Easy Come Easy Go
0%
Rupert Holmes Escape
0%
Evanescance Everybody's Fool
0%
Imagine Dragons Every Night
0%
Moby Extreme Ways
0%
Linkin Park Figure 09
0%
Muse Follow Me
0%
Levellers Food Roof Family
0%
Kinito Football
0%
Levellers Four Boys Lost
0%
Korn Freak On Leash
0%
Hugh Jackman From Now On
0%
Linkin Park From the Inside
0%
Kehlani Gangsta
0%
Skip the Use Ghost
0%
The Offspring Gonna Get Away
0%
Red Hot Chili Peppers Go Robot
0%
Evanescance Haunted
0%
Imagine Dragons Hear Me
0%
Twenty One Pilots Heavydirtsoul
0%
The Offspring Hit That
0%
Twenty One Pilots Hometown
0%
Nickelback How You Remind Me
0%
Lykke Li I Follow Rivers
0%
Linkin Park I'll Be Gone
0%
Shaka Ponk I'm a Lady
0%
Linkin Park In My Remains
0%
Brian Tyler Iron Man 3
0%
Les Fatals Picards Je viens d'ici
0%
No Doubt Just A Girl
0%
The Cranberries Just My Imagination
0%
Grover Washington Jr Just the Two of Us
0%
Les Fatals Picards La Prophétie des Vosges
0%
Linkin Park Leave Out All The Rest
0%
IAM L'empire du coté obscur
0%
Les Fatals Picards Les Playmobiles Complotistes
0%
Shaka Ponk Let's Bang
0%
Linkin Park Lies Greed Misery
0%
Rascal Flatts Life is a Highway
0%
Paul McCartney Live and Let Die
0%
Leo Losing My Religion metal cover
0%
Linkin Park Lost In The Echo
0%
Maroon 5 Lucky Strike
0%
R.E.M Man Of The Moon
0%
Ghost Mary On A Cross
0%
Oliver Tree Miss You
0%
Les Fatals Picards Mon Arbre
0%
Bruno Mars Money make her smile
0%
Evanescance My Immortal Band Version
0%
Shaka Ponk My Name is Stain
0%
Fall Out Boy My Song Know What You Did In the Dark
0%
Skip the Use Nameless World
0%
Les Fatals Picards Noir
0%
Twenty One Pilots Not Today
0%
Seafret Oceans
0%
The Offspring OC Guns
0%
Superbus On Monday
0%
Imagine Dragons On Top Of The World
0%
U2 Ordinary Love
0%
Levellers Our New Day
0%
Shaka Ponk Palabra Mi Amor
0%
Muse Panic Station
0%
System of A Down Peephole
0%
Gabrielle Aplin Please Don't Say You Love Me
0%
Les Fatals Picards Poupée Gonflée
0%
Kyo Poupée russe
0%
Linkin Park Powerless
0%
Placebo Protect Me From What I Want
0%
Talking Heads Psycho Killer
0%
Les Fatals Picards Punks au Liechtenstein
0%
Sheryl Crow Real Gone
0%
System of A Down Revenga
0%
Linkin Park Roads Untraveled
0%
Sleeping At Last Saturn
0%
Shaka Ponk Sex Ball
0%
Maroon 5 She Will Be Loved
0%
Shaka Ponk Shiza Radio
0%
Linkin Park Skin to Bone
0%
Muse Something Human
0%
Coldplay Something just like this
0%
Linkin Park Somewhere I Belong
0%
Action Bronson Standing in the Rain
0%
Muse Starlight
0%
Martin Garrix et Macklemore et Fall Out Boys Summer Days
0%
Robbie Williams Supreme
0%
Natalie Taylor Surrender
0%
Placebo The Bitter End
0%
R.E.M The One I Love
0%
Eminem The Way I Am
0%
Fall Out Boy This Ain't A Scene It's An Arms Race
0%
Fall Out Boy Thnks fr th Mmrs
0%
Linkin Park Tinfoil
0%
Imagine Dragons Tiptoe
0%
Placebo Too Many Friends
0%
Gorillaz Tranz
0%
Ridan Ulysse
0%
Slipknot Unsainted
0%
Muse Uprising
0%
Coldplay Up&Up
0%
U2 Vertigo
0%
Gerard Lenorman Voici les clés
0%
Shaka Ponk Wanna Get Free
0%
The Offspring Want You Bad
0%
Falling In Reverse Watch The World Burn
0%
Pitbull We Are One
0%
Sam Smith Writing's On The Wall
0%
Bon Jovi You give love a bad name
0%
Elton John Your song
0%
Aucun quiz correspondant
Distribution des résultats
% des personnes avec chaque résultat
Percentile par nombre de réponses
Votre historique - résultats
Vous n’avez pas pris ce quiz